<?xml version="1.0" encoding="UTF-8"?>
<marc:record xmlns:marc="http://www.loc.gov/MARC21/slim">
   <marc:leader>00000nam a2200000 a 4500</marc:leader>
   <marc:datafield ind1="1" ind2=" " tag="100">
      <marc:subfield code="a">Reinhardt, Volker</marc:subfield>
      <marc:subfield code="4">aut</marc:subfield>
      <marc:subfield code="e">Verfasser/-in</marc:subfield>
   </marc:datafield>
   <marc:datafield ind1=" " ind2=" " tag="653">
      <marc:subfield code="a">Geschichte 1600-1750</marc:subfield>
   </marc:datafield>
   <marc:datafield ind1=" " ind2=" " tag="653">
      <marc:subfield code="a">Alltag</marc:subfield>
   </marc:datafield>
   <marc:datafield ind1=" " ind2=" " tag="653">
      <marc:subfield code="a">Kultur</marc:subfield>
   </marc:datafield>
   <marc:datafield ind1="0" ind2="0" tag="245">
      <marc:subfield code="a">Im Schatten von Sankt Peter</marc:subfield>
   </marc:datafield>
   <marc:datafield ind1="0" ind2="0" tag="245">
      <marc:subfield code="b">die Geschichte des barocken Rom</marc:subfield>
   </marc:datafield>
   <marc:datafield ind1="0" ind2="0" tag="245">
      <marc:subfield code="c">Volker Reinhardt</marc:subfield>
   </marc:datafield>
   <marc:datafield ind1=" " ind2="1" tag="264">
      <marc:subfield code="a">Darmstadt</marc:subfield>
      <marc:subfield code="b">Primus-Verl.</marc:subfield>
      <marc:subfield code="c">2011</marc:subfield>
   </marc:datafield>
   <marc:datafield ind1="1" ind2=" " tag="520">
      <marc:subfield code="a">Angaben aus der Verlagsmeldung

Im Schatten von Sankt Peter : Die Geschichte des barocken Rom / von Volker Reinhardt

Volker Reinhardt, der beste Kenner der Geschichte des frühneuzeitlichen Rom, entfaltet hier mit großer Sprachkunst ein überbordendes Panorama der ewigen Stadt im Barock. Die Päpste, Kardinäle und Gesandten der europäischen Könige statteten sie mit überwältigender Pracht aus. Keine Stadt hatte eine vergleichbare Dichte an Künstlern, keine aber beherbergte in ihren mauern so viele Prostituierte. Glanzvolle Feste wechselten mit Hungersnöten und Überschwemmungen - Pracht, Elend und Gewalt wohnten hier besonders eng beieinander. Volker Reinhardt vermisst die ganze Spannweite dieser Metropole und richtet seinen Blick auf die Höhepunkte wie den Alltag: Von den Ehrenhändeln bis zur Heiligsprechung, von der Brotversorgung bis zur Inquisition, vom Konklave bis zum Kurtisanenwesen, von der Kunstproduktion bis zu den glänzenden Festen werden alle Aspekte anschaulich, faszinierend erzählt und auf der Basis jahrelanger Quellenstudien vor Ort.
</marc:subfield>
   </marc:datafield>
   <marc:datafield ind1=" " ind2=" " tag="020">
      <marc:subfield code="a">9783896787774</marc:subfield>
      <marc:subfield code="9">9783896787774</marc:subfield>
   </marc:datafield>
   <marc:datafield ind1=" " ind2=" " tag="041">
      <marc:subfield code="a">ger</marc:subfield>
   </marc:datafield>
   <marc:datafield ind1=" " ind2=" " tag="300">
      <marc:subfield code="a">270 S.</marc:subfield>
   </marc:datafield>
</marc:record>
